LEADER 01124nam0-22003251i-450- 001 990000793520403321 005 20001010 010 $a2-87037-226-4 035 $a000079352 035 $aFED01000079352 035 $a(Aleph)000079352FED01 035 $a000079352 100 $a20001010d--------km-y0itay50------ba 101 0 $aita 105 $ay-------001yy 200 1 $aImages de jardins du XVI au XX siecle dans les collections de la biblioteque universitaire Moretus Plantin$fAnne-MarieBogaert-Damin et Jacques A. Piron 210 $aNamur$cPresses universitaires Moretus Plantin$d1996 215 $a308 p.$cill.$d27 cm 225 1 $aBibliotheque universitaire Moretus Plantin$v7 610 0 $aGIARDINI$asec. XVI$aXX 700 1$aBogaert-Damin,$bAnne-Marie$039166 702 1$aPiron,$bJacques A. 801 0$aIT$bUNINA$gRICA$2UNIMARC 901 $aBK 912 $a990000793520403321 952 $aVIL.GI B 115$b9204$fFARBC 959 $aFARBC 996 $aImages de jardins du XVI au XX siecle dans les collections de la biblioteque universitaire Moretus Plantin$9351778 997 $aUNINA DB $aING01